Móric príbeh grófa Mórica Beňovského 11 Beckovská vieska

Bibliographic Details
Main Authors: Drgoňa, Mário, 1994- (Author, Scenarist), Dudlák, Vladimír, 1964- (Author, Scenarist)
Other Authors: Mikula, Ľudovít (Illustrator), Dlhý, Ladislav (Illustrator), Martiška, Juraj, 1969- (Illustrator)
Format: Book
Language:Slovak
PhysicalDescription:36 strán ilustrácie 26 cm
Published: Bratislava Združenie Mórica Beňovského 2024
ISBN:9788097463632
Subjects:

MARC

LEADER 00000nam a2200000 4500
001 vtls012280540
003 SK-MaSNL
005 20260301192914.0
008 250729s2024 xo a g 6 000 cbslo
020 |a 9788097463632  |q (brožované) 
040 |a SNK  |b slo  |c SNK  |e rda 
041 0 |a slo 
044 |a xo  |c SK 
072 7 |a 741.52  |x Komiksy. Komiksové adaptácie  |2 konspekt 
072 7 |a 929  |x Biografie  |2 konspekt 
080 |a 929.7  |2 2011 
080 |a (092)741.52  |2 2011 
080 |a (093)741.52  |2 2011 
080 |a 910.4-051  |2 2011 
080 |a [910.4:338.48-51]-051  |2 2011 
080 |a 929  |2 2011 
100 1 |a Drgoňa, Mário,  |d 1994-  |4 aut  |4 sce  |9 190051 
245 1 0 |a Móric  |b príbeh grófa Mórica Beňovského  |n 11  |p Beckovská vieska  |c scenár: Mário Drgoňa, Vladimír Dudlák ; ilustrácia: Ladislav Dlhý, Juraj Martiška, Ľudovít Mikula 
246 3 0 |a Príbeh grófa Mórica Beňovského 
246 3 0 |a Beckovská vieska 
264 1 |a Bratislava  |b Združenie Mórica Beňovského  |c 2024 
300 |a 36 strán  |b ilustrácie  |c 26 cm 
336 |a text  |b txt  |2 rdacontent 
336 |a statický obraz  |b sti  |2 rdacontent 
337 |a bez média  |b n  |2 rdamedia 
338 |a zväzok  |b nc  |2 rdacarrier 
500 |a Názov z obalu 
600 1 7 |a Beňovský, Móric,  |d 1746-1786  |2 SNKMA  |9 93692 
650 0 7 |a šľachtici  |2 SNKPH  |9 30577 
650 0 7 |a cestovatelia  |2 SNKPH  |9 58750 
650 0 7 |a dobrodruhovia  |2 SNKPH  |9 111693 
650 0 7 |a Noblemen  |2 SNKPHeng  |9 186091 
650 0 7 |a Travellers  |2 SNKPHeng  |9 304688 
650 0 7 |a Adventurers  |2 SNKPHeng  |9 318422 
655 7 |a biografické komiksy  |2 SNKPH  |9 362314 
655 7 |a historické komiksy  |2 SNKPH  |9 438360 
655 7 |a Historical stories  |2 SNKPHeng  |9 324342 
655 7 |a Biographical comics  |2 SNKPHeng  |9 362315 
700 1 |a Mikula, Ľudovít  |4 ill  |4 bkd  |9 448081 
700 1 |a Dudlák, Vladimír,  |d 1964-  |4 aut  |4 sce  |9 50568 
700 1 |a Dlhý, Ladislav  |4 ill  |4 bkd  |9 207468 
700 1 |a Martiška, Juraj,  |d 1969-  |4 ill  |4 bkd  |9 120247 
852 |a Slovenská národná knižnica 
919 |a 978-80-974636-3-2 
954 |a ilustrované knihy, leporelá, komiksy pôvodné (slovenské)  |2 lita 
999 |c 875500  |d 877430 
952 |a SNK  |b SNK  |y NEVYP  |7 1  |p 17A1576631  |o snkOSC 30848  |i snk2025/12267  |8 0  |0 0  |1 0  |4 0  |d 2025-07-29  |l 0  |r 2026-02-24 05:56:35  |w 2026-02-24